La orquesta roja /
Guardado en:
| Autor Principal: | |
|---|---|
| Otros Autores: | |
| Formato: | Libro |
| Publicado: |
Buenos Aires :
Emecé,
1973.
|
| Materias: | |
| Etiquetas: |
Agregar Etiqueta
Sin Etiquetas, Sea el primero en etiquetar este registro!
|
| LEADER | 00617nam a22001935a 4500 | ||
|---|---|---|---|
| 001 | EHU.bham052321 | ||
| 008 | 240829s1973####ag############000#0#####d | ||
| 005 | 20240829083206.0 | ||
| 245 | 1 | 0 | |a La orquesta roja / |c Gilles Perrault ; trad. por María Angélica Bosco. |
| 260 | |a Buenos Aires : |b Emecé, |c 1973. | ||
| 300 | |a 365 p. | ||
| 100 | 1 | |a Perrault, Gilles. | |
| 700 | 1 | |a Bosco, María Angélica, trad. | |
| 082 | 8 | 1 | |a 843.9 P426 |
| 653 | |a Colección Villar | ||
| 653 | |a Literatura francesa | ||
| 653 | |a Novela francesa | ||
| 653 | |a Literatura documental | ||
| 859 | |a AR-BHAM |b BIB. HUMANIDADES - General |h 843.9 |i P426 |p 382.24 |t 1 | ||
